000 01602cad a22002535a 4500
001 L151616
008 101123e20101118xxkd f s f000 0 eng d
020 _a9781409826484
035 _a(Sirsi) u151616
041 0 _aeng
110 1 _aUnited Kingdom
_bDepartment for Communities and Local Government
_94939
245 0 0 _aHouse building
_bSeptember quarter 2010, England
_h[electronic resource]
260 _aLondon
_bDCLG
_c2010
490 0 _aDCLG Housing Statistical Release
_vSeptember Quarter 2010, 18 November 2010
505 2 _aStarts and completions in England -- Tenure trends -- Regional trends -- House building targets -- Data collection -- Accompanying tables -- Background notes
520 _aPresents figures on new build housing starts and completions in England; figures for the UK and constituent countries are also available in the accompanying tables; the latest statistics report on the period July to September 2010 and update those previously released on 19 August 2010; house building: September quarter 2010, England; house building tables: September quarter 2010, England and the regions, UK and constituent countries; pre-release access list: house building.
590 _aKA NTK
650 2 4 _aDCLG QUARTERLY HOUSE BUILDING STATISTICS
651 4 _aUnited Kingdom
_y
690 _aPROPERTY-RESIDENTIAL PROPERTY-RESIDENTIAL PROPERTY DEVELOPMENT
690 _aBUILT ENVIRONMENT-CONSTRUCTION MARKET
856 4 0 _uhttps://www.communities.gov.uk/publications/corporate/statistics/housebuildingq32010
_zView the item free of charge at www.communities.gov.uk
942 _n0
999 _c111486
_d111486